000 00188nam a2200073Ia 4500
008 170523s9999 xx 000 0 und d
100 _akreyszig- Erwin
245 0 _aAdvanced Engineering Mathematics
260 _aWiley India
999 _c12160
_d12160